| 000 | 01452nam a2200301Ia 4500 | ||
|---|---|---|---|
| 999 |
_c5242 _d5242 |
||
| 003 | OSt | ||
| 005 | 20200423224645.0 | ||
| 008 | 191128s1993 ck gr 000 0 spa d | ||
| 020 | _a9589272274 | ||
| 040 |
_aCO-JMCR _cCO-JMCR |
||
| 041 | 0 | _aspa | |
| 082 | 0 | 4 |
_a324.2 / _bD352m _223 |
| 100 | 1 |
_aDelgado, Oscar, _eautor _93480 |
|
| 245 | 1 | 0 |
_aModernidad, democracia y partidos políticos / _cOscar Delgado, Pierre Gilhodes, Alirio Gómez [y otros 3] |
| 250 | _aPrimera edición | ||
| 260 |
_aBogotá : _bFundación Friedrich Ebert de Colombia : Fundación para la Investigación y Desarrollo de la Ciencia Política, _c1993 |
||
| 300 |
_a328 páginas ; _c21 cm. |
||
| 504 | _aBibliografía: página 328 | ||
| 505 | 0 | _aTradición y modernidad de la política colombiana -- Sistema de partidos y partidos políticos en Colombia -- Democracia y política en Colombia -- Dominación, modernización y democracia en Colombia | |
| 520 | _aLa apertura política actual ha generado un espacio para la convergencia nacional, donde tienen cabida diferentes propuestas para la modernización y legitimación del Estado y la democracia. | ||
| 650 | 1 | 4 |
_aPartidos políticos _zColombia _93481 |
| 650 | 1 | 4 |
_aIdeologías políticas _zColombia _93482 |
| 650 | 1 | 4 |
_aDemocracia _zColombia _93483 |
| 650 | 1 | 4 |
_aDesarrollo político _zColombia _93484 |
| 700 | 1 | 4 |
_aGilhodes, Pierre, _eautor _93485 |
| 700 | 1 | 4 |
_aGómez, Alirio, _eautor _93486 |
| 942 |
_2ddc _cBK |
||